[Event "Challenge"]
[Site "http://www.queenalice.com/game.php?id=383208"]
[Date "2008.4.6"]
[Round "-"]
[White "falca"]
[Black "Lucasbr"]
[Result "1-0"]
[WhiteElo "1261"]
[BlackElo "1168"]

1. e4 e5 2. Nf3 g6 3. Nxe5 Qh4 4. Nf3 Qxe4+ 5. Qe2 Qxe2+ 6. Bxe2 Bg7 7. O-O Nf6
8. Nc3 O-O 9. d3 d5 10. Nb5 Ne8 11. Bf4 a6 12. Nxc7 Nxc7 13. Bxc7 Bg4 14. h3
Bxf3 15. Bxf3 Re8 16. Bxd5 Re7 17. Bxb7 Rxc7 18. Bxa8 Rxc2 19. Rac1 Re2 20. Rc8+
1-0

[Event "Challenge"]
[Site "http://www.queenalice.com/game.php?id=383209"]
[Date "2008.4.6"]
[Round "-"]
[White "Lucasbr"]
[Black "Tobe10"]
[Result "0-1"]
[WhiteElo "1191"]
[BlackElo "1151"]

1. e4 d6 2. c4 b6 3. Bd3 e5 4. Nc3 a5 5. Nf3 Qf6 6. h4 Qg6 7. Rg1 Nf6 8. Qe2 c5
9. h5 Nxh5 10. Na4 Nf4 0-1

[Event "Challenge"]
[Site "http://www.queenalice.com/game.php?id=383210"]
[Date "2008.4.6"]
[Round "-"]
[White "rogervolei"]
[Black "Lucasbr"]
[Result "1-0"]
[WhiteElo "1830"]
[BlackElo "1168"]

1. e3 g6 2. a3 Bg7 3. Nf3 Nf6 4. h3 O-O 5. g4 d5 6. b4 Nc6 7. Bb2 Qd6 8. d4 Be6
9. Bc3 Bxg4 10. hxg4 Nxg4 11. Ng5 Qf6 12. Nh3 Rfd8 13. Qxg4 Ne5 14. dxe5 Qf5 15.
Qxf5 gxf5 16. Rg1 1-0

[Event "Let's Play Chess!"]
[Site "http://www.queenalice.com/game.php?id=383212"]
[Date "2008.4.6"]
[Round "-"]
[White "oldfar"]
[Black "Lucasbr"]
[Result "1-0"]
[WhiteElo "1518"]
[BlackElo "1295"]

1. d4 e6 2. Nf3 Bb4+ 3. Bd2 Bxd2+ 4. Nbxd2 Nf6 5. e4 Nh5 6. e5 O-O 7. Bd3 Nc6 8.
c3 Nf4 9. Bf1 d5 10. g3 Nh5 11. Bd3 Qg5 12. Nxg5 Na5 13. Bxh7+ Kh8 14. Qxh5 Nc6
15. Bg8+ Kxg8 16. Qh7# 1-0

[Event "Let's Play Chess!"]
[Site "http://www.queenalice.com/game.php?id=383213"]
[Date "2008.4.6"]
[Round "-"]
[White "oldfar"]
[Black "Lucasbr"]
[Result "1-0"]
[WhiteElo "1554"]
[BlackElo "1234"]

1. e4 e5 2. Nf3 d5 3. d4 f6 4. dxe5 dxe4 5. Qxd8+ Kxd8 6. Nfd2 Nc6 7. e6 Bxe6 8.
Nxe4 Bb4+ 9. Bd2 f5 10. Ng5 Kd7 11. a3 Bd6 12. Nc3 Re8 13. O-O-O Nd4 14. Bb5+ c6
15. Bd3 Nf6 16. Be3 1-0

[Event "#81 Simultaneous "]
[Site "http://www.queenalice.com/game.php?id=383243"]
[Date "2008.4.6"]
[Round "-"]
[White "Amadeus"]
[Black "Lucasbr"]
[Result "1-0"]
[WhiteElo "2563"]
[BlackElo "1227"]

1. e4 e5 2. Nf3 Bb4 3. Nxe5 Qh4 4. Bd3 Nf6 5. a3 Nxe4 6. Qe2 d5 7. axb4 Nc6 8.
Nxc6 bxc6 9. g3 Bg4 10. gxh4 Bxe2 11. Kxe2 O-O 12. Bxe4 dxe4 13. Ra6 Rad8 14.
Rxc6 Rd7 15. Ra6 Re8 16. Rxa7 e3 17. dxe3 Rde7 18. Nc3 f5 19. b5 f4 20. e4 Rf7
21. Kf3 h6 22. Nd5 g5 23. Rxc7 1-0

[Event "Let's Play Chess!"]
[Site "http://www.queenalice.com/game.php?id=383251"]
[Date "2008.4.6"]
[Round "-"]
[White "Lucasbr"]
[Black "dtrainey"]
[Result "0-1"]
[WhiteElo "1227"]
[BlackElo "1562"]

1. g3 d5 2. Bg2 e5 3. e4 d4 4. Qh5 Nc6 5. Nf3 g6 6. Qg5 Be7 7. Qh4 Bxh4 8. Nxh4
Nb4 9. Kd1 Qf6 10. Na3 a6 11. c3 Nd3 12. Nf3 Nxf2+ 13. Ke1 Nxh1 14. Bxh1 d3 15.
Nc4 Ne7 16. Ncxe5 Qe6 0-1

[Event "Challenge"]
[Site "http://www.queenalice.com/game.php?id=383261"]
[Date "2008.4.6"]
[Round "-"]
[White "Lucasbr"]
[Black "hooligan"]
[Result "1-0"]
[WhiteElo "1100"]
[BlackElo "1369"]

1. e4 e5 2. Qh5 g6 3. Qxe5+ Ne7 4. Qxh8 d6 5. Bc4 Kd7 6. Nf3 Nbc6 7. O-O Na5 8.
Re1 Nxc4 9. d3 Nb6 10. d4 Nc4 11. Rd1 c6 12. e5 d5 13. Ng5 Nf5 14. Nxf7 Qe7 15.
Ng5 Bg7 16. Qxh7 Kc7 17. Ne6+ Bxe6 18. Na3 Rh8 19. Bg5 Qf7 20. Qxh8 Nxb2 21.
Qd8# 1-0

[Event "Challenge"]
[Site "http://www.queenalice.com/game.php?id=383262"]
[Date "2008.4.6"]
[Round "-"]
[White "pierjean"]
[Black "Lucasbr"]
[Result "1-0"]
[WhiteElo "1217"]
[BlackElo "1276"]

1. e4 e5 2. Nf3 Nc6 3. Bb5 Na5 4. O-O c6 5. Bd3 d5 6. c3 Bg4 7. Re1 Qd6 8. b3
dxe4 9. Bxe4 Nf6 10. d3 Rd8 11. Bg5 h6 12. Bxf6 gxf6 13. h3 f5 14. hxg4 fxe4 15.
Rxe4 f5 16. Rxe5+ Be7 17. gxf5 h5 18. Qd2 Rg8 19. Rxa5 1-0

[Event "Invitation"]
[Site "http://www.queenalice.com/game.php?id=383275"]
[Date "2008.4.6"]
[Round "-"]
[White "ION_digo"]
[Black "Lucasbr"]
[Result "1-0"]
[WhiteElo "1457"]
[BlackElo "1209"]

1. d4 e6 2. e3 Bb4+ 3. Bd2 a5 4. Bxb4 axb4 5. Qg4 Nf6 6. Qxg7 Ke7 7. Qg5 Rg8 8.
Qf4 Rg4 9. Qf3 Nc6 10. h3 Rg6 11. Ne2 d6 12. Nf4 e5 13. Nxg6+ Ke8 14. Bb5 Bd7
15. Nd2 hxg6 16. O-O e4 17. Nxe4 Nxe4 18. Qxe4+ Be6 19. d5 Ra5 20. Bxc6+ bxc6
21. dxe6 fxe6 22. Qxg6+ Kf8 23. Qxe6 c5 24. e4 1-0

[Event "AUTO-INT-858"]
[Site "http://www.queenalice.com/game.php?id=383393"]
[Date "2008.4.7"]
[Round "1"]
[White "rafajeff"]
[Black "Lucasbr"]
[Result "1-0"]
[WhiteElo "1600"]
[BlackElo "1191"]

1. e4 e5 2. Nf3 Bc5 3. Nxe5 Qh4 4. Qe2 Nf6 5. g3 Qxe4 6. Qxe4 Nxe4 7. d4 Bxd4 8.
Nf3 Bxf2+ 9. Ke2 Nc6 10. Be3 O-O 11. Bxf2 Nb4 12. Nbd2 Nxc2 13. Rc1 Nb4 14. Nxe4
Nxa2 15. Rxc7 Re8 16. Nd2 d5 17. Bg2 dxe4 18. Bd4 e3 19. Nc4 Be6 20. Nd2 exd2
21. Bxb7 Bc4+ 22. Kd1 Be2+ 23. Kxd2 Nb4 24. Bxa8 Rxa8 25. Kxe2 Re8+ 26. Kf3 Nc2
27. Bxa7 f5 28. Rc1 Ne1+ 29. Kf2 Nd3+ 30. Kg2 1-0

[Event "AUTO-INT-858"]
[Site "http://www.queenalice.com/game.php?id=383394"]
[Date "2008.4.7"]
[Round "1"]
[White "Lucasbr"]
[Black "rafajeff"]
[Result "0-1"]
[WhiteElo "1297"]
[BlackElo "1680"]

1. e4 e5 2. Qh5 Bd6 3. Nc3 g6 4. Qg4 h5 5. Qf3 Nc6 6. Nge2 a6 7. Qg3 Be7 8. Nd5
h4 9. Qh3 d6 10. Qc3 Nf6 11. Nxf6+ Bxf6 12. g3 Ra7 13. d3 d5 14. exd5 e4 15. Qc5
Be7 16. Qe3 Nb4 17. Kd2 Qxd5 18. c3 Nxd3 19. Nf4 Nxf4+ 20. Bd3 Nxd3 21. b3 Nxf2+
22. Ke2 Nxh1 23. c4 Bg4+ 24. Kf1 Qd1+ 25. Qe1 Be2+ 26. Kg2 Qxe1 0-1

[Event "AUTO-INT-858"]
[Site "http://www.queenalice.com/game.php?id=383405"]
[Date "2008.4.7"]
[Round "1"]
[White "vasileC"]
[Black "Lucasbr"]
[Result "1-0"]
[WhiteElo "1635"]
[BlackElo "1322"]

1. e4 g6 2. d4 e5 3. d5 Qh4 4. Qf3 Bh6 5. Nc3 b5 6. Nxb5 Qf4 7. Bxf4 exf4 8.
Nxc7+ Kf8 9. Nxa8 Na6 10. Bxa6 Bxa6 11. Qa3+ Ne7 12. Qxa6 Kg7 13. Nc7 Nc8 14. e5
Re8 15. Nxe8+ Kf8 16. d6 Kxe8 17. Qxc8# 1-0

[Event "AUTO-INT-858"]
[Site "http://www.queenalice.com/game.php?id=383406"]
[Date "2008.4.7"]
[Round "1"]
[White "Lucasbr"]
[Black "vasileC"]
[Result "0-1"]
[WhiteElo "1305"]
[BlackElo "1658"]

1. e4 e5 2. Qh5 Qf6 3. Nf3 Nc6 4. Qh4 Be7 5. d4 Qxf3 6. gxf3 Bxh4 7. Rg1 g6 8.
Bb5 Nxd4 9. Kd2 Nxf3+ 10. Ke2 Nxg1+ 11. Kd2 c6 12. Bd3 Nf3+ 13. Ke2 Nd4+ 14. Kd2
Bg5+ 15. Kd1 Bxc1 16. Kxc1 d5 17. exd5 cxd5 18. Nc3 Nf6 19. Bb5+ Nxb5 20. Nxb5
Kd8 21. Nd6 Ke7 0-1

[Event "AUTO-INT-858"]
[Site "http://www.queenalice.com/game.php?id=383413"]
[Date "2008.4.7"]
[Round "1"]
[White "Lucasbr"]
[Black "MusicMan"]
[Result "0-1"]
[WhiteElo "1155"]
[BlackElo "1583"]

1. e4 d5 2. d4 dxe4 3. Nc3 Bf5 4. g4 Bg6 5. f3 e6 6. Nxe4 c6 7. Bf4 Nd7 8. Nd6+
Bxd6 9. Bxd6 Nb6 10. Bb4 Nf6 11. Qd2 Nfd5 12. c4 Nxb4 13. Qxb4 Qxd4 14. Rd1 Qe3+
15. Ne2 Qxf3 16. c5 Nd5 17. Qxb7 O-O 18. Qxc6 Be4 19. b4 Qxh1 0-1

[Event "AUTO-INT-858"]
[Site "http://www.queenalice.com/game.php?id=383414"]
[Date "2008.4.7"]
[Round "1"]
[White "MusicMan"]
[Black "Lucasbr"]
[Result "1-0"]
[WhiteElo "1585"]
[BlackElo "1155"]

1. Nf3 d5 2. g3 f6 3. Bg2 Bg4 4. c4 Nc6 5. d3 e5 6. Nbd2 Bb4 7. O-O Nd4 8. e3
Bxd2 9. exd4 Bxc1 10. Qxc1 e4 11. dxe4 dxe4 12. Re1 Bxf3 13. Bxf3 f5 14. Bg2 h6
15. Qe3 Nf6 16. f3 c5 17. dxc5 Nh5 18. Rad1 Qg5 19. f4 1-0

[Event "Challenge"]
[Site "http://www.queenalice.com/game.php?id=383415"]
[Date "2008.4.7"]
[Round "-"]
[White "Lucasbr"]
[Black "vasileC"]
[Result "0-1"]
[WhiteElo "1298"]
[BlackElo "1711"]

1. e4 e5 2. Qh5 Qf6 3. Nf3 Nc6 4. Qh4 Be7 5. Qg3 d6 6. Bb5 Bd7 7. O-O O-O-O 8.
b4 Nd4 9. Nxd4 exd4 10. Bb2 Bxb5 11. d3 h5 12. c4 Bd7 13. a4 h4 14. Qf3 Qxf3 15.
gxf3 Rh6 16. Bxd4 Rg6+ 17. Kh1 Bh3 18. Re1 Bg2+ 19. Kg1 Bxf3+ 20. Kf1 Nh6 21.
Bxa7 Ng4 22. Nd2 Nxh2# 0-1

[Event "Challenge"]
[Site "http://www.queenalice.com/game.php?id=383433"]
[Date "2008.4.7"]
[Round "-"]
[White "Lucasbr"]
[Black "ION_digo"]
[Result "0-1"]
[WhiteElo "1199"]
[BlackElo "1465"]

1. e4 e5 2. Qh5 Nf6 3. Qxe5+ Qe7 4. Qxe7+ Bxe7 5. g3 Bc5 6. Bg2 Ng4 7. Nf3 Bxf2+
8. Ke2 b6 9. Na3 Ba6+ 10. d3 Bc5 11. Be3 Nxe3 12. Bh3 Nc6 13. c3 O-O-O 14. b4
Bxb4 15. Nb1 Nc2 16. Nbd2 Bxc3 17. Rac1 N6b4 18. Ne5 Rhe8 19. Nxf7 Bxd2 20. Kxd2
Na3 21. Rhf1 Bxd3 0-1

[Event "Challenge"]
[Site "http://www.queenalice.com/game.php?id=383606"]
[Date "2008.4.7"]
[Round "-"]
[White "Gera"]
[Black "Lucasbr"]
[Result "1-0"]
[WhiteElo "1865"]
[BlackElo "1276"]

1. e4 e5 2. Nf3 d6 3. Nc3 Bg4 4. Bc4 Nc6 5. O-O a6 6. a4 Nd4 7. Nxe5 dxe5 8.
Qxg4 Nxc2 9. Rb1 b5 10. axb5 Bc5 11. Bd5 Rc8 12. Qxg7 1-0